| 000 | 00953nam a22003137a 4500 | ||
|---|---|---|---|
| 003 | CHAP | ||
| 005 | 20220817040951.0 | ||
| 008 | 971013s1982 r 00010 d | ||
| 010 | _a3616 | ||
| 011 | _a4588 | ||
| 035 | _a3792 | ||
| 040 | _cCHAP | ||
| 090 | _aFolleto 12952 | ||
| 100 | 0 | 0 |
_aBorth, Paul W. _913955 |
| 245 |
_aSeed crops, pollinators and pesticides seminar _b: Proceedings... |
||
| 260 |
_aYuma, Arizona : _bUniversity of Arizona. Collage of Agriculture, _c1982 |
||
| 300 | _a60 p | ||
| 500 | _aD50-189 | ||
| 590 |
_aBATCH-UPD _b10 _c20130110 _lUCH01 _h1813 |
||
| 590 |
_aBATCH-UPD _b10 _c20130410 _lUCH01 _h1148 |
||
| 590 |
_aBATCH-UPD _b10 _c20130914 _lUCH01 _h1910 |
||
| 590 |
_aCONVERSION _b10 _c20130109 _lUCH01 _h1303 |
||
| 650 | 1 | 4 |
_aPesticidas _xEfecto en insectos. _987550 |
| 650 | 1 | 4 |
_aPolinización. _990237 |
| 650 | 1 | 4 | _aSemillas. |
| 901 | _aBK | ||
| 942 | _cFOLL | ||
| 949 |
_aFolleto 12952 _bBC _cFOLL _d-13320 _eTS1 _i3792 _mD _si |
||
| 999 |
_c3616 _d3616 |
||